000 01031nam a22003137a 4500
001 0004089
003 KOHA_MİRAKIL
005 20260207001359.0
007 ta
008 200303b1996 tu |||gr||||#0|||d|tur |
020 _a9753634900
040 _aTR-BiSEU
_btur
_cTR-BiSEU
_erda
041 0 _atur
044 _ctu
050 _aPR2661
_b.B88 1996
100 1 _aMarlowe, Christopher.
245 1 _aBütün oyunları/
_cChristopher Marlowe ; Christopher Marlowe; çeviren M. Hamit Çalışkan.
264 1 _aİstanbul :
_bYapı Kredi Yayınları
_c1996
300 _a755 sayfa
336 _ametin
_btxt
_2rdacontent
337 _aaracısız
_bn
_2rdamedia
338 _acilt
_bnc
_2rdacarrier
490 1 _aYapı kredi yayınları - Kazım taşkent yapıtları dizisi ;
_v25.
650 0 _aİngiliz draması.
_97775
650 0 _aEnglish drama.
_97777
650 0 _aİngiliz tiyatrosu oyunu--500-1700.
_99997
830 1 _aYapı kredi yayınları - Kazım taşkent yapıtları dizisi ;
_v25.
_99998
942 _2lcc
_cBK
999 _c4072
_d4072